Archivos municipales de la provincia de Zaragoza / José Francisco Egea ... [et al.]
ISBN:
84-86947-56-1
Descripción Física:
2 v.
Otros Autores:
Egea, José Francisco
MARC
| LEADER | 00000nam a2200000Ia 4500 | ||
|---|---|---|---|
| 001 | 9159, 13610 | ||
| 008 | 160829s1990 - 1993 xx 000 0 cat d | ||
| 020 | |a 84-86947-56-1 (v.2) | ||
| 080 | |a A-1-51, A-2-132 | ||
| 245 | |a Archivos municipales de la provincia de Zaragoza / José Francisco Egea ... [et al.] | ||
| 260 | |a Zaragoza : |b Diputación de Zaragoza, |c 1990 - 1993 | ||
| 300 | |a 2 v. | ||
| 590 | |a Bibliografia. | ||
| 590 | |a Conté: v. 1: Atea, Codos, Nigüela, Villalengua; v. 2: Borja : fondo del corregidor | ||
| 650 | |a Arxius municipals |x Saragossa (Província) |x Inventaris |9 30281 | ||
| 650 | |a Administració local |x Saragossa (Província) |x S. XIX |9 30282 | ||
| 700 | |a Egea, José Francisco |9 30283 | ||
| 710 | 1 | |a Saragossa (Aragó : Província). |b Diputación Provincial |9 54422 | |
| 901 | |a Arxiu | ||
| 942 | |n 1 | ||
| 952 | |0 0 |1 0 |4 0 |6 A151_A2132 |7 1 |9 45361 |a Arxiu |b Arxiu |d 2016-12-01 |l 0 |o A-1-51, A-2-132 |p 9159, 13610 |r 2016-12-01 00:00:00 |w 2016-12-01 |y ARXIU | ||
| 999 | |c 48435 |d 48435 | ||